Characters from Bewitched by pictures - Statistics

General Stats
  • This quiz has been taken 34 times
  • The average score is 12 of 20
Answer Stats
Picture Answer % Correct
Samantha Stephens
100%
Tabitha Stephens
96%
Darrin Stephens
92%
Endora
88%
Larry Tate
88%
Adam Stephens
76%
Uncle Arthur
76%
Aunt Clara
68%
Gladys Kravitz
68%
Serena
68%
Abner Kravitz
64%
Dr. Bombay
60%
Maurice
56%
Louise Tate
40%
Aunt Hagatha
24%
Frank Stephens
24%
Esmeralda
20%
Phyllis Stephens
20%
Sheila Sommers
16%
Aunt Enchantra
8%
No matching quizzes found
Score Distribution
Percent of People with Each Score
Percentile by Number Answered
Your Score History
You have not taken this quiz